Zákon o dobrovoľníctve

Dobrovoľníctvo je v súčasnosti prirodzenou súčasťou života i spoločnosti.

Saved in:
Bibliographic Details
Main Author: Fraňo, Joachim Dušan
Format: Book Chapter
Language:Slovak
Subjects:
Tags: Add Tag
No Tags, Be the first to tag this record!

MARC

LEADER 00000naa a2200000 4500
001 0296979
005 20240417075253.4
041 0 |a slo 
044 |a SK 
245 1 0 |a Zákon o dobrovoľníctve  |c Joachim Dušan Fraňo 
520 |a Dobrovoľníctvo je v súčasnosti prirodzenou súčasťou života i spoločnosti. 
610 2 0 |a dobrovoľníctvo 
610 2 0 |a právo 
610 2 0 |a legislatíva 
610 2 0 |a zákony 
610 2 0 |a zmennosť 
100 1 |a Fraňo, Joachim Dušan